[Event "Landesliga Nord 0910"]
[Site "Bayern"]
[Date "2009.11.15"]
[Round "2.8"]
[White "Steinmueller, Alexander"]
[Black "Weiss, Frank"]
[Result "0-1"]
[WhiteElo "1935"]
[BlackElo "1841"]
[PlyCount "36"]
[EventDate "2009.10.18"]
[EventType "team-tourn"]
[EventRounds "9"]
[EventCountry "GER"]
[SourceTitle "EXT 2011"]
[Source "ChessBase"]
[SourceDate "2010.11.26"]
[SourceVersion "1"]
[SourceVersionDate "2010.11.26"]
[SourceQuality "1"]
[WhiteTeam "Puschendorf"]
[BlackTeam "Kulmbach"]
[WhiteTeamCountry "GER"]
[BlackTeamCountry "GER"]

1. e4 e6 2. d4 d5 3. Bd3 c5 4. exd5 exd5 5. Qe2+ Be7 6. dxc5 Nf6 7. Bg5 0-0 8. Nc3 Re8 9. 0-0-0 Bg4 10. f3 Be6 11. Qf2 Qa5 12. Nge2 Nc6 13. Rhe1 Nb4 14. Bb5 Nxa2+ 15. Kb1 Nxc3+ 16. Nxc3 Rec8 17. Rd4 Rxc5 18. b4 Rxb5 0-1

[Event "Landesliga Nord 0708"]
[Site "Bayern"]
[Date "2008.04.06"]
[Round "8.7"]
[White "Weiss, Frank"]
[Black "Fuhrmann, Max"]
[Result "0-1"]
[WhiteElo "1880"]
[BlackElo "2019"]
[PlyCount "36"]
[EventDate "2007.10.21"]
[EventType "team-tourn"]
[EventRounds "9"]
[EventCountry "GER"]
[SourceTitle "EXT 2009"]
[Source "ChessBase"]
[SourceDate "2008.11.26"]
[SourceVersion "1"]
[SourceVersionDate "2008.11.26"]
[SourceQuality "1"]
[WhiteTeam "Kulmbach"]
[BlackTeam "Kelheim"]
[WhiteTeamCountry "GER"]
[BlackTeamCountry "GER"]

1. d4 d5 2. Nf3 Nf6 3. c4 c6 4. Nc3 e6 5. cxd5 exd5 6. e3 Bf5 7. Bd3 Bxd3 8. Qxd3 Bd6 9. 0-0 0-0 10. Bd2 Re8 11. Ne2 Nbd7 12. Ng3 Ne4 13. Bc3 Ndf6 14. Nf5 Bc7 15. Bb4 Ng4 16. Be1 Qf6 17. Ng3 Qh6 18. Qc2 Re6 0-1

[Event "Landesliga Nord 0607"]
[Site "Bayern"]
[Date "2007.02.25"]
[Round "6.8"]
[White "Weiss, Frank"]
[Black "Gegenfurtner, Juergen"]
[Result "0-1"]
[WhiteElo "1900"]
[BlackElo "1974"]
[PlyCount "132"]
[EventDate "2006.10.15"]
[EventType "team"]
[EventRounds "9"]
[EventCountry "GER"]
[SourceTitle "EXT 2008"]
[Source "ChessBase"]
[SourceDate "2007.11.25"]
[SourceVersion "1"]
[SourceVersionDate "2007.11.25"]
[SourceQuality "1"]
[WhiteTeam "Kulmbach"]
[BlackTeam "Neutraubling"]
[WhiteTeamCountry "GER"]
[BlackTeamCountry "GER"]

1. d4 d5 2. Nf3 Nc6 3. c4 Bg4 4. e3 e5 5. cxd5 Qxd5 6. Nc3 Bb4 7. Be2 Nf6 8. 0-0 Bxc3 9. bxc3 0-0 10. c4 Qd6 11. d5 Nb8 12. Qb3 Na6 13. Ba3 Nc5 14. Qc2 Rfe8 15. Nh4 Bxe2 16. Qxe2 g6 17. f3 Nfd7 18. e4 Qa6 19. Bxc5 Nxc5 20. Rab1 Qf6 21. g3 b6 22. Ng2 a5 23. Ne3 a4 24. Rfd1 Qd6 25. g4 a3 26. Kh1 Na4 27. Qd2 Nb2 28. Rdc1 Qc5 29. Rc2 Ra4 30. Rbc1 Rea8 31. d6 Qxd6 32. Qxd6 cxd6 33. Nd5 Rb8 34. g5 Kg7 35. Rc3 h6 36. h4 Ra6 37. Rb3 Rh8 38. Kg2 hxg5 39. hxg5 Rh5 40. Nxb6 Rxg5+ 41. Kf1 Rh5 42. Kg2 Rh8 43. Nd5 Rc8 44. Ne3 Ra4 45. Rbc3 Rc5 46. Kg3 Kf6 47. Kg4 Kg7 48. Kg3 f6 49. Kg4 Kf7 50. R1c2 Ke6 51. Rc1 f5+ 52. exf5+ gxf5+ 53. Nxf5 Raxc4+ 54. Rxc4 Rxc4+ 55. Rxc4 Nxc4 56. Ng7+ Kd5 57. f4 Ne3+ 58. Kf3 exf4 59. Kxf4 Nc2 60. Ne8 Nb4 61. Nxd6 Kxd6 62. Ke4 Kc5 63. Ke3 Kc4 64. Kd2 Nxa2 65. Kc2 Nb4+ 66. Kb1 Kb3 0-1

[Event "Regionalliga NW 0304"]
[Site "Bayern"]
[Date "2004.03.07"]
[Round "7.5"]
[White "Weiss, Frank"]
[Black "Basel, Matthias"]
[Result "1/2-1/2"]
[WhiteElo "1910"]
[BlackElo "1978"]
[PlyCount "102"]
[EventDate "2003.10.12"]
[EventType "team-tourn"]
[EventRounds "9"]
[EventCountry "GER"]
[SourceTitle "EXT 2006"]
[Source "ChessBase"]
[SourceDate "2005.11.24"]
[SourceVersion "1"]
[SourceVersionDate "2005.11.24"]
[SourceQuality "1"]
[WhiteTeam "Kulmbach"]
[BlackTeam "Kitzingen"]
[WhiteTeamCountry "GER"]
[BlackTeamCountry "GER"]

1. c4 Nf6 2. g3 g6 3. Bg2 Bg7 4. Nc3 0-0 5. e3 d6 6. Nge2 c6 7. d3 Nbd7 8. e4 e5 9. 0-0 h6 10. f4 Qb6+ 11. Kh1 Ng4 12. Qe1 a6 13. Rf3 f5 14. Rb1 Qc7 15. h3 Ngf6 16. exf5 gxf5 17. b4 e4 18. dxe4 Nxe4 19. Nxe4 fxe4 20. Re3 d5 21. cxd5 cxd5 22. Bb2 Nb6 23. Bxg7 Qxg7 24. Qd1 Be6 25. Nd4 Bf7 26. Bf1 Rad8 27. Qg4 Qxg4 28. hxg4 Rc8 29. Rd1 Kh7 30. Kh2 Nc4 31. Bxc4 Rxc4 32. a3 Rfc8 33. Kg2 Rc3 34. Rxc3 Rxc3 35. a4 Rc4 36. Nf5 Rxb4 37. Nd6 Bg8 38. Rc1 d4 39. Rc7+ Kh8 40. Nf5 Bd5 41. Ne7 Bc6 42. Nxc6 bxc6 43. Rxc6 Rxa4 44. Rxh6+ Kg7 45. g5 d3 46. Rd6 Ra2+ 47. Kf1 Rd2 48. f5 e3 49. Ke1 a5 50. Rd7+ Kf8 51. f6 Re2+ 1/2-1/2

[Event "Regionalliga NW 0304"]
[Site "Bayern"]
[Date "2004.02.15"]
[Round "6.6"]
[White "Weiss, Frank"]
[Black "Gutzeit, Kurt"]
[Result "1/2-1/2"]
[WhiteElo "1910"]
[BlackElo "1981"]
[PlyCount "87"]
[EventDate "2003.10.12"]
[EventType "team-tourn"]
[EventRounds "9"]
[EventCountry "GER"]
[SourceTitle "EXT 2006"]
[Source "ChessBase"]
[SourceDate "2005.11.24"]
[SourceVersion "1"]
[SourceVersionDate "2005.11.24"]
[SourceQuality "1"]
[WhiteTeam "Kulmbach"]
[BlackTeam "Burgsinn"]
[WhiteTeamCountry "GER"]
[BlackTeamCountry "GER"]

1. c4 c5 2. g3 Nf6 3. Bg2 g6 4. Nc3 Bg7 5. Nf3 0-0 6. 0-0 Nc6 7. e3 d6 8. d4 cxd4 9. exd4 Bg4 10. h3 Bxf3 11. Bxf3 Qc8 12. Bg2 Nd7 13. Be3 a6 14. Rc1 e5 15. dxe5 dxe5 16. Nd5 f5 17. b4 Kh8 18. Bg5 e4 19. Qd2 Nce5 20. Ne7 Qe8 21. Nd5 Rc8 22. c5 Nd3 23. Rc2 Qf7 24. Ne3 h6 25. Bf4 Nxf4 26. gxf4 Nf6 27. Nc4 Rfd8 28. Nd6 Qe6 29. Qc1 Rc7 30. Rd1 Kh7 31. Bf1 Qe7 32. Rcd2 e3 33. Re2 Rxd6 34. cxd6 Rxc1 35. dxe7 Rxd1 36. Rxe3 Ne8 37. Kg2 Rd7 38. Bc4 Rc7 39. Bf7 Rc8 40. Rd3 Rc7 41. Bxe8 Rxe7 42. Re3 Rxe3 43. fxe3 Bc3 44. b5 1/2-1/2

[Event "Regionalliga NW 0304"]
[Site "Bayern"]
[Date "2003.11.02"]
[Round "2.7"]
[White "Mueller, Lutz"]
[Black "Weiss, Frank"]
[Result "1-0"]
[WhiteElo "1916"]
[BlackElo "1910"]
[PlyCount "65"]
[EventDate "2003.10.12"]
[EventType "team-tourn"]
[EventRounds "9"]
[EventCountry "GER"]
[SourceTitle "EXT 2006"]
[Source "ChessBase"]
[SourceDate "2005.11.24"]
[SourceVersion "1"]
[SourceVersionDate "2005.11.24"]
[SourceQuality "1"]
[WhiteTeam "Koenigshofen"]
[BlackTeam "Kulmbach"]
[WhiteTeamCountry "GER"]
[BlackTeamCountry "GER"]

1. d4 d5 2. Nf3 Nf6 3. c4 e6 4. Nc3 Be7 5. Bf4 0-0 6. e3 c6 7. Bd3 Nbd7 8. Qc2 dxc4 9. Bxc4 Nd5 10. Nxd5 exd5 11. Bd3 Qa5+ 12. Nd2 h6 13. 0-0 Qb6 14. Nf3 c5 15. b3 Bf6 16. dxc5 Nxc5 17. Rac1 Ne6 18. Bg3 Be7 19. Rfd1 Rd8 20. Qe2 Bd7 21. Ne5 Be8 22. Bb1 d4 23. Nc4 Qa6 24. exd4 Bg5 25. Qe4 Bxc1 26. Qh7+ Kf8 27. Rxc1 f6 28. Qh8+ Ke7 29. Re1 Bf7 30. Qxg7 Rxd4 31. Qxh6 Rad8 32. Bh4 Rf4 33. Qxf4 1-0